000
00315nam a22001457a 4500
008
210507b ||||| |||| 00| 0 eng d
020
_a
9780756604813
041
_a
eng
080
_a
91
082
_a
91
100
_a
42
101
_a
GJEO
245
_a
World Reference Atlas
_c
Andrew Heritage
942
_2
udc
_c
BK
999
_c
57090
_d
57090